[Event "Horsens Lang Weekend 2013"]
[Site "Horsens DEN"]
[Date "2013.07.18"]
[Round "2.1"]
[White "Nielsen,PH"]
[Black "Klitgaard,T"]
[Result "1-0"]
[WhiteElo "2658"]
[BlackElo "2176"]

1.d4 Nf6 2.c4 e6 3.Nf3 c5 4.d5 exd5 5.cxd5 d6 6.Nc3 g6 7.Bf4 a6 8.a4 Bg7
9.h3 O-O 10.e3 Qe7 11.Be2 Nfd7 12.O-O Ne5 13.Nd2 Nbd7 14.e4 Rb8 15.Re1 Nb6
16.Bf1 Na8 17.Bg3 g5 18.Nc4 Bd7 19.Ne3 Nc7 20.Nf5 Bxf5 21.exf5 Qd7 22.Ne4 f6
23.Bxe5 fxe5 24.g4 h6 25.Qd2 Ne8 26.b4 cxb4 27.Qxb4 Rc8 28.Rab1 Rc7 29.Qa3 Rf7
30.Rb6 Bf8 31.Qb3 Kg7 32.a5 Nf6 33.Nd2 Qc8 34.Nc4 Rfd7 35.Rb4 Qd8 36.Nb6 Rf7
37.Rd1 Nd7 38.Qb2 Nxb6 39.axb6 Rc5 40.Rc1 Rxc1 41.Qxc1 Qb8 42.Rc4 Qd8 43.Rc7 Re7
44.Rc8 Qd7 45.f6+  1-0

[Event "Horsens Lang Weekend 2013"]
[Site "Horsens DEN"]
[Date "2013.07.19"]
[Round "4.2"]
[White "Nielsen,PH"]
[Black "Matthiesen,M"]
[Result "1/2-1/2"]
[WhiteElo "2658"]
[BlackElo "2275"]

1.c4 Nf6 2.Nc3 g6 3.g3 Bg7 4.Bg2 O-O 5.d4 d6 6.Nf3 c6 7.O-O Qa5 8.h3 e5 9.e4 exd4
10.Nxd4 Nbd7 11.Be3 Ne5 12.Qe2 Be6 13.Nxe6 fxe6 14.f4 Nf7 15.g4 Rad8 16.Rac1 a6
17.a3 Qc7 18.Kh1 Qe7 19.Rcd1 Nd7 20.Qd2 h6 21.Ne2 g5 22.fxg5 hxg5 23.Ng3 Nde5
24.b3 c5 25.Nh5 Nc6 26.Rxf7 Qxf7 27.Bxg5 Qg6 28.Bxd8 Rxd8 29.Nf4 Qf7 30.Nh5 Qg6
31.Nxg7 Qxg7 32.b4 Nd4 33.bxc5 dxc5 34.Qa5 Rc8 35.Qd2 e5 36.Rb1 Rc6 37.a4 b6
38.a5 b5 39.cxb5 axb5 40.Rxb5 c4 41.a6 c3 42.Qa2+ Kh7 43.Rb1 c2 44.Rc1 Rc7
45.Bf1 Qg5 46.Qa3 Qxc1 47.Qxc1 Nb3 48.Qg5 c1=Q 49.Qf5+ Kg8 50.g5 Rf7 51.Qg6+ Kf8
52.Qd6+ Kg7 53.Qh6+ Kg8 54.Qg6+ Kf8 55.Qd6+ Kg7 56.Qh6+ Kg8 57.Qg6+ Kf8  1/2-1/2

[Event "Horsens Lang Weekend 2013"]
[Site "Horsens DEN"]
[Date "2013.07.20"]
[Round "5.3"]
[White "Ochsner,B"]
[Black "Nielsen,PH"]
[Result "1/2-1/2"]
[WhiteElo "2343"]
[BlackElo "2658"]

1.e4 c5 2.Nf3 d6 3.d4 cxd4 4.Nxd4 Nf6 5.Nc3 a6 6.Bg5 Nbd7 7.f4 Qc7 8.Qf3 b5
9.O-O-O Bb7 10.Bd3 g6 11.Nd5 Nxd5 12.exd5 Bg7 13.Nc6 Bf6 14.h4 Rc8 15.h5 Rf8
16.hxg6 hxg6 17.Bxf6 Nxf6 18.f5 Bxc6 19.dxc6 Qxc6 20.fxg6 Qxf3 21.gxf7+ Kxf7
22.gxf3 Rg8 23.Rdg1 Rxg1+ 24.Rxg1 Nd7 25.Be4 Nc5 26.a3 Rh8 27.Bg6+ Kf6 28.b4 Rg8
29.bxc5 dxc5 30.Rd1 Rxg6 31.Rd5 Rg5 32.Rd7 Rf5 33.Ra7 Rxf3 34.Rxa6+ Ke5 35.Kb2 Kd5
36.Rb6 e5 37.Rxb5 e4 38.Rb8 Rf7 39.Re8 Kd4 40.Rd8+ Ke3 41.Re8 Kf3 42.Kc3 Ra7
43.Kc4 Ra5 44.a4 Rxa4+ 45.Kxc5 e3 46.c4 e2 47.Kd5 Ra3 48.Rxe2 Kxe2 49.c5 Rd3+
50.Ke6 Rc3 51.Kd6 Kd3 52.c6 Kc4 53.c7 Kb5 54.Kd7 Rxc7+ 55.Kxc7  1/2-1/2

[Event "Horsens Lang Weekend 2013"]
[Site "Horsens DEN"]
[Date "2013.07.21"]
[Round "7.3"]
[White "Dyrgaard,K"]
[Black "Nielsen,PH"]
[Result "0-1"]
[WhiteElo "2253"]
[BlackElo "2658"]

1.e4 c6 2.d4 d5 3.exd5 cxd5 4.c4 Nf6 5.Nc3 e6 6.Nf3 Bb4 7.Qb3 Nc6 8.cxd5 Nxd5
9.Bb5 Bd7 10.O-O Bxc3 11.bxc3 O-O 12.Bxc6 Bxc6 13.Ba3 Nf4 14.c4 Re8 15.Qe3 Qf6
16.Bd6 Ng6 17.Ne5 Nxe5 18.dxe5 Qg6 19.f3 a5 20.a4 h6 21.Rfd1 Qg5 22.Qxg5 hxg5
23.Rd4 f5 24.h4 gxh4 25.Rxh4 Kf7 26.c5 Rh8 27.Rxh8 Rxh8 28.Bc7 Rh4 29.Bxa5 Rc4
30.Bc7 Bxa4 31.Bd6 g5 32.Ra2 Kg6 33.Kf2 Kh5 34.g4+ fxg4 35.Kg3 gxf3 36.Rh2+ Kg6
37.Kxf3 Bc6+ 38.Ke3 Kf5 39.Be7 Re4+ 40.Kf2 Rxe5 41.Rh3 Re4 42.Re3 Rf4+ 43.Kg3 Rg4+
44.Kh3 Rc4 45.Bd6 Be4  0-1